000 00467 a2200157 4500
020 _a1576102629
040 _aDLC
_bDLC
082 0 0 _a005.7565
100 1 _aAult, Michael R.
245 1 0 _aOracle DBA exam cram
_c[by] Michael R. Ault.
260 _aAlbany, NY :
_bCoriolis Group Books,
_c1998.
300 _axviii, 413 p. :
_bill. ;
_c23 cm.
500 _aIncludes index.
650 0 _aRelational databases
_xExaminations
_xStudy guides.
942 _cBK
_k005.7565 AUL
_2ddc
999 _c6551
_d6551